A city reframed : (Record no. 13472)

000 -LEADER
fixed length control field 00529cam a2200169 a 4500
020 ## - INTERNATIONAL STANDARD BOOK NUMBER
ISBN 9058230651
040 ## - CATALOGING SOURCE
Transcribing agency UKM
082 04 - DEWEY DECIMAL CLASSIFICATION NUMBER
Classification number 307 HAR 2000 A011 Or.
100 1# - MAIN ENTRY--AUTHOR NAME
Personal name Czarniawska-Joerges, Barbara.
245 12 - TITLE STATEMENT
Title A city reframed :
Remainder of title managing Warsaw in the 1990s /
260 ## - PUBLICATION, DISTRIBUTION, ETC. (IMPRINT)
Place of publication Amsterdam, The Netherlands :
Name of publisher Harwood Academic,
Year of publication 2000.
300 ## - PHYSICAL DESCRIPTION
Number of Pages [11], 156 p. :
Other physical details ill. ;
Dimensions 24 cm.
650 #0 - SUBJECT ADDED ENTRY--TOPICAL TERM
Topical Term City planning
650 #0 - SUBJECT ADDED ENTRY--TOPICAL TERM
Topical Term Urban renewal
856 42 - ELECTRONIC LOCATION AND ACCESS
Uniform Resource Identifier http://www.loc.gov/catdir/enhancements/fy0653/2002421090-d.html
942 ## - ADDED ENTRY ELEMENTS (KOHA)
Koha item type សៀវភៅភាសាអង់គ្លេស
952 ## - LOCATION AND ITEM INFORMATION (KOHA)
Withdrawn status [LOCAL, KOHA] 0
Holdings
Permanent Location Date acquired Koha item type Lost status Shelving location Barcode Current Location Full call number
Library Block A2017-08-26សៀវភៅភាសាអង់គ្លេស A011A20168Library Block A307 HAR 2000 A011 Or.
មជ្ឈមណ្ឌលឯការនៃសាកលវិទ្យាល័យភូមិន្ទកសិកម្មចំការដូង

Powered by Koha